Statistiques concernant Filmographie de Bourvil

Cliquez ici pour prendre le quiz!

Statistiques générales

  • Ce quiz a été pris 13 fois
  • Le résultat moyen est 10 sur 59

Statistiques - réponses

Réponse% Correct
La Grande Vadrouille
100%
Le Corniaud
100%
Le Cercle rouge
80%
La Traversée de Paris
70%
Le Cerveau
60%
Le Mur de l'Atlantique
60%
Les Misérables
50%
La Cuisine au beurre
40%
La Grande Lessive
30%
La Jument verte
30%
L'Arbre de Noël
30%
Le Chanteur de Mexico
30%
Les Cracks
30%
Le Trou normand
30%
Un drôle de paroissien
30%
Garou-Garou, le passe-muraille
20%
La Cité de l'indicible peur
20%
Le Capitan
20%
Le Jour le plus long
20%
Fortunat
10%
Gonflés à bloc
10%
Le Bossu
10%
Le Chemin des écoliers
10%
Le Miroir à deux faces
10%
L'Étalon
10%
Pas si bête
10%
Si Versailles m'était conté
10%
Tout l'or du monde
10%
Trois enfants dans le désordre
10%
Blanc comme neige
0%
Cadet Rousselle
0%
Cent francs par seconde
0%
Clodo
0%
Croisières sidérales
0%
Dans la gueule du loup
0%
Guerre secrète
0%
La Ferme du pendu
0%
La Grosse Caisse
0%
La Rosier de madame Hudson
0%
Le Coeur sur la main
0%
Le Fil à la patte
0%
Le Magot de Josefa
0%
Le Majordome
0%
Le Roi Pandore
0%
Les Arnaud
0%
Les Bonnes Causes
0%
Les Culottes rouges
0%
Les Grandes Gueules
0%
Les Hussards
0%
Les Trois Mousquetaires
0%
Le Tracassin ou Les Plaisirs de la ville
0%
Miquette et sa mère
0%
Par la fenêtre
0%
Poisson d'avril
0%
Sérénade au Texas
0%
Seul dans Paris
0%
Tartarin de Tarascon
0%
Un clair de lune à Maubeuge
0%
Un drôle de dimanche
0%

Distribution des résultats

Percentile par nombre de réponses

% des personnes avec chaque résultat

Votre développement - résultats

Vous n’avez pas pris ce quiz